Inspeȯ̂ do Trabalho Estudos Sobre a Fiscalizaȯ̂ do Trabalho no Brasil e no Mundo /

Bibliographic Details
Main Author: Ferreira Lopes Filho, Abel
Format: eBook
Language:Portuguese
Published: San Pablo: JH Mizuno, 2019
Subjects:
Online Access:Acceso restringido

MARC

LEADER 00000nam a22000007a 4500
005 2019071205415.0
007 cr|||| ||||
008 190712s2019 br |||||s|||| 00||0 por d
020 |a 978-85-7789-442-0 
035 |a 23840 
040 |a vLex 
090 |c 9027  |d 9027 
100 1 |a Ferreira Lopes Filho, Abel 
245 1 0 |a Inspeȯ̂ do Trabalho  |h [Recurso electrn̤ico] :  |b Estudos Sobre a Fiscalizaȯ̂ do Trabalho no Brasil e no Mundo /  |c Abel Ferreira Lopes Filho 
256 |a Servicio en ln̕ea 
260 |a San Pablo:  |b JH Mizuno,  |c 2019 
300 |a 1 recurso electrn̤ico 
500 |a "A obra “Inspeȯ̂ do Trabalho: Estudos Sobre a Fiscalizaȯ̂ do Trabalho no Brasil e no Mundo” ̌fruto de mais de 20 (vinte) anos de atuaȯ̂ do autor na r̀ea trabalhista, como advogado, professor e Auditor Fiscal do Trabalho. Aprofunda queste̳s de Direito Administrativo do Trabalho j ̀debatidas pela doutrina, alm̌ de abordar novos temas ainda nô discutidos, por exemplo, o ethos da inspeȯ̂ do trabalho. Pela primeira vez, tambm̌, se decidiu analisar a jurisprudn̊cia nacional sobre o assunto, desde o advento da Emenda Constitucional 45/2004. Antes, o autor visita as caracters̕ticas da inspeȯ̂ do trabalho portuguesa e apresenta um panorama global da inspeȯ̂ do trabalho pelo mundo." 
506 1 |a Disponible solo en los productos indicados  |d vLex Global  |d vLex Global (Academic Edition, excluding Law Schools)  |d vLex Global (U.S. Academic Edition, Law Schools)  |d vLex Global (U.S. Academic Edition, excluding Law Schools)  |d vLex Global (Academic Edition, Law Schools) 
650 0 4 |a Derecho Laboral y Seguridad Social  |z Brasil 
740 0 |a vLex Libros (Servicio en ln̕ea) 
856 4 0 |u http://vlex.com/source/inspe-o-do-trabalho-estudos-sobre-a-fiscaliza-o-do-trabalho-no-brasil-e-no-mundo-23840  |z Acceso restringido 
942 |c BOOK 
999 0 |a Labor law and social security